00179nam a2200073Ia 4500008004100000082001300041100001800054245003300072240331s9999 xx 000 0 und d a300bWAR aWarren, C.A.B 0aGender issues in ethnography